| 000 | nam a22 a 4500 | ||
|---|---|---|---|
| 999 |
_c4083 _d4083 |
||
| 003 | AKMAL | ||
| 005 | 20170525105050.0 | ||
| 008 | 170525s1987 my a00 may d | ||
| 040 | _aAKMAL | ||
| 082 | 0 | 4 | _a930 ABD |
| 090 | 0 | 0 |
_a930 _bABD |
| 100 | 0 |
_aAbdul Rahman Haji Abdullah _9966 |
|
| 245 | 1 | 0 |
_aPemikiran Islam masa kini : _bsejarah dan aliran / _cAbdul Rahman Haji Abdullah |
| 260 |
_aKuala Lumpur : _bDewan Bahasa dan Pustaka, _c1987 |
||
| 300 | 0 | 0 |
_ax, 337ms. ; _c22cm. |
| 500 | _aTeks Bahasa Malaysia dan Inggeris | ||
| 500 | _aMengandungi indeks | ||
| 504 | _aBibliografi: ms.319-332 | ||
| 650 | 0 |
_aIslam _9922 |
|
| 650 | 0 |
_aIslam and politics _92302 |
|
| 942 |
_2ddc _cBOOK |
||